Quiz for Kids - Statistics

General Stats
  • This quiz has been taken 667 times
    654 since last reset
  • The average score is 13 of 20
Answer Stats
Question Answer % Correct
An American football is typically what color? Brown
91%
In the standard game of Chess, one player is white, what color is the other player? Black
87%
How many dice are used in the game of "Backgammon"? Two
86%
How many track and field events are there in a decathlon? Ten
84%
How many ghosts are featured in Charles Dicken's novella "A Christmas Carol"? Four
82%
In the Super Mario video game series, what is the name of Mario's brother? Luigi
80%
How many holes make up one round of golf? Eighteen
79%
Raised by his Uncle Ben and Aunt May, Peter Parker is the secret identity of which superhero? Spiderman
72%
Boardwalk, Marvin Gardens and Kentucky Avenue are all places found in which popular board game? Monopoly
66%
How much is a blank tile worth in a game of "Scrabble"? Zero
65%
In which sport is a shuttlecock used? Badminton
64%
The first Olympic Games were held in which country? Greece
64%
Elmo is a character from which children's TV series? Sesame Street
64%
Who makes the handheld 3DS video game console? Nintendo
59%
In what card game might you be asked, "Do you have any eights?" Go Fish
55%
The character "Colonel Mustard" appears in which board game? Cluedo
46%
The character Nancy Drew can be best described as a...? Detective
45%
What sport takes place in a "Velodrome"? Cycling
41%
In the "Harry Potter" book, and movie series, who teaches "Quidditch"? Rolanda Hooch
19%
"Snake" is the main character in which video game series? Metal Gear Solid
10%
No matching quizzes found
Score Distribution
Percent of People with Each Score
Percentile by Number Answered
Your Score History
You have not taken this quiz since the last reset